| 000 | 00805cam a2200301ua 4500 | ||
|---|---|---|---|
| 020 |
_a0-07-460443-0 _c90.00 |
||
| 041 |
_aeng _h |
||
| 082 |
_a519 _bBHA/AP |
||
| 100 | _aRaghavendra, Bhat N . | ||
| 245 |
_aApplied mathematics / _cRaghavendra Bhat N. _hTextual Documents |
||
| 250 |
_a1 / _b. |
||
| 260 |
_aNew Delhi : _bTata Mc-Graw Hill Publishing Company , _c1993. |
||
| 300 | _a531 ; . | ||
| 365 | _a90.00 | ||
| 440 | 0 |
_aTechnical education series, _v _x; |
|
| 490 | 0 |
_aTechnical education series, _v _x; |
|
| 500 | _a19172, 19173, CSS | ||
| 504 | _a | ||
| 700 | 1 | _aMohan Singh, R . | |
| 942 | _cBK | ||
| 999 |
_c9839 _d9839 |
||